Normal view MARC view

Entry Topical Term

Number of records used in: 1

001 - CONTROL NUMBER

  • control field: 655254

003 - CONTROL NUMBER IDENTIFIER

  • control field: OSt

005 - DATE AND TIME OF LATEST TRANSACTION

  • control field: 20221006145806.0

008 - FIXED-LENGTH DATA ELEMENTS

  • fixed length control field: 221006|| aca||aabn | a|a d

040 ## - CATALOGING SOURCE

  • Original cataloging agency: OSt
  • Transcribing agency: OSt

150 ## - HEADING--TOPICAL TERM

  • Topical term or geographic name entry element: Nationalist Party in Power - Unification of China under Kuomintang programs

670 ## - SOURCE DATA FOUND

  • Source citation: Work cat.: (OSt)1084039: TUNG William L. 110117, Political institutions of modern China, 1964
Copyright @ Delhi University Library System